00303pab a2200121 454500008004000000100002000040245005300060260000900113300001300122362000800135650002000143773001800163180718b2013 xxu||||| |||| 00| 0 eng d aChopra, Ranjana aHealth financing through social health insurance c2013 ap.80-86. aJul aSocial security aAdministrator